Consultas, alegatos, apologias, y otros tratados, assi regulares, como de otras materias morales, con la refutacion de las proposiciones del impio herege Molinos. (Registro nro. 78682)

Detalles MARC
000 -ENCABEZADO
Número de control [NR] 02245nam a2200325Ia 4500
005 - FECHA Y HORA DE LA ÚLTIMA TRANSACCIÓN
control field 20200924113454.0
008 - DE LONGITUD FIJA DE DATOS DE ELEMENTOS - INFORMACIÓN GENERAL
Elementos de longitud fija [NR] 130821s1753 sp a fr 1 spa
040 ## - FUENTE DE CATALOGACION [NR]
Agencia de catalogación original [NR] Co-BoUCM
Idioma de catalogación [NR] spa
Quien Cataloga Sandra Yazo
Quien Clasifica Sandra Yazo
041 0# - CODIGO DE IDIOMA [R]
Código de idioma para texto/pista de sonido o título separado [R] Español
-- Latín
082 04 - NUMERO DE CLASIFICACION DECIMAL DEWEY [R]
Número de clasificación [R] 261.7
Número de la edición [NR] 20
092 ## - SIGNATURA TOPOGRAFICA LOCAL
Número de clasificación local E16N036
100 1# - ASIENTO PRINCIPAL--NOMBRE PERSONAL [NR]
Nombre personal [NR] Torrecilla, Martín de
Fechas asociadas con el nombre [NR] d.1709
ID Autoridad 101195
242 00 - TRADUCCION DEL TITULO POR LA AGENCIA CATALOGADORA [R]
Título [NR] Consultas, alegatos, apologías, y otros tratados, así regulares, como de otras materias morales, con la refutación de las proposiciones del impío hereje Molinos.
Código de idioma del título traducido [NR] spa
245 10 - MENCION DE TITULO [NR]
Título [NR] Consultas, alegatos, apologias, y otros tratados, assi regulares, como de otras materias morales, con la refutacion de las proposiciones del impio herege Molinos.
Parte restante del título [NR] Tomo primero
Mención de responsabilidad, etc. [NR] Su autor el R. P. Fr. Martín de Torrecilla
260 ## - PUBLICACION, DISTRIBUCION, ETC. (PIE DE IMPRENTA) [R]
Lugar de publicación, distribución, etc. [R] Madrid (España)
Nombre del editor, distribuidor, etc. [R] Imprenta de D. Agustín de Gordejuela y Sierra
Fecha de publicación, distribución, etc. [R] 1753
300 ## - DESCRIPCION FISICA [R]
Extensión [R] [22], 537, [32] páginas
Otros detalles físicos [NR] ilustraciones
500 ## - NOTA GENERAL [R]
Nota general [NR] Detalles físicos: Encuadernación en pergamino con algunas roturas en bordes, conserva guardas, anteportada y portada impresa a una sola tinta, orla decorativa que enmarca el titulo con un grabado (león). Texto impreso en dos columnas.
505 0# - NOTA DE CONTENIDO CON FORMATO PREESTABLECIDO [R]
Nota de contenido con formato preestablecido [NR] V.1: Tratado primero que contiene todo lo perteneciente al a recepción de Novicio, como a la Profesión ; Tratado segundo que contiene varias de las consultas pertenecientes a la materia de elecciones
506 ## - NOTA DE RESTRICCIONES DE ACCESO [R]
Condiciones de acceso [NR] Consulta en sala
546 ## - NOTA DE IDIOMA [R]
Nota de idioma [NR] Texto en español, con expresiones en latín
650 ## - ASIENTO SECUNDARIO DE MATERIA - TERMINO TEMATICO [R]
9 (RLIN) 17138
Término temático o nombre geográfico como elemento de entrada [NR] Iglesia y Estado
Subdivisión cronológica [R] Siglo XVIII
650 #7 - ASIENTO SECUNDARIO DE MATERIA - TERMINO TEMATICO [R]
Término temático o nombre geográfico como elemento de entrada [NR] Derecho civil
Subdivisión general [R] Obras anteriores a 1800
9 (RLIN) 29560
650 #7 - ASIENTO SECUNDARIO DE MATERIA - TERMINO TEMATICO [R]
Término temático o nombre geográfico como elemento de entrada [NR] Derecho eclesiástico
Subdivisión general [R] Obras anteriores a 1800
9 (RLIN) 29561
650 #7 - ASIENTO SECUNDARIO DE MATERIA - TERMINO TEMATICO [R]
Término temático o nombre geográfico como elemento de entrada [NR] Monasticismo
Subdivisión general [R] Obras anteriores a 1800
9 (RLIN) 19707
650 #7 - ASIENTO SECUNDARIO DE MATERIA - TERMINO TEMATICO [R]
Término temático o nombre geográfico como elemento de entrada [NR] Religión y derecho
9 (RLIN) 23507
650 #7 - ASIENTO SECUNDARIO DE MATERIA - TERMINO TEMATICO [R]
Término temático o nombre geográfico como elemento de entrada [NR] Vida cristiana
Subdivisión general [R] Derecho
-- Obras anteriores a 1800
9 (RLIN) 26223
690 ## - ASUNTO AGREGADO LOCAL DE ENTRADA - TÉRMINO TEMÁTICO (OCLC, RLIN)
Acceso temático local Derecho canónico
9 (RLIN) 12710
856 41 - LOCALIZACION Y ACCESO ELECTRONICOS [R]
Nota dirigida al público [R] Disponible en línea V.1 de 1702
Identificador Uniforme del Recurso (“URI”) [R] <a href="https://books.google.com.co/books?id=UadHBjA2_yYC&pg=PA466&dq=consultas+alegatos+apologias+y+otros+tratados+asi+regulares&hl=es&sa=X&ved=2ahUKEwjwqJ-RmYLsAhWttlkKHaIlCD8Q6AEwAHoECAMQAg#v=onepage&q=consultas%20alegatos%20apologias%20y%20otros%20tratados%20asi%20regulares&f=false">https://books.google.com.co/books?id=UadHBjA2_yYC&pg=PA466&dq=consultas+alegatos+apologias+y+otros+tratados+asi+regulares&hl=es&sa=X&ved=2ahUKEwjwqJ-RmYLsAhWttlkKHaIlCD8Q6AEwAHoECAMQAg#v=onepage&q=consultas%20alegatos%20apologias%20y%20otros%20tratados%20asi%20regulares&f=false</a>
942 ## - ELEMENTOS DE ENTRADA AGREGADOS (KOHA)
Tipo de ítem principal el descrito en 300a Libro
Tema principal 8
Edición 1
Sistema de clasificación LOCAL
Clasificación E16N036
Existencias
Suprimido Perdido Sistema de clasificación Dañado No prestable Tipo de ítem específico Ubicación habitual Ubicación actual Localización Fecha de creación Forma de adquisición Costo Volúmen / Fascículo Signatura topográfica Código de barras Última vez visto Ejemplar Price effective from Tipo de ítem
    LOCAL     Libro archivo Archivo Histórico Archivo Histórico Archivo histórico 28/02/2014 Donación 0.00 V.1 E16N036 L002492 15/12/2012 Ej.1 03/02/2013 Libro